000
00324nam a22001457a 4500
008
231102b ||||| |||| 00| 0 eng d
020
_a
0198544812
041
_a
eng
080
_a
575
082
_a
575COW
100
_a
44
101
_a
TEOLO
245
_a
THE PRECAMBRIAN-CAMBRIAN BOUNDARY
_c
COWIE.W.J
942
_2
udc
_c
BK
999
_c
60495
_d
60495